[Event "Amplico ch-EUR Rapid"]
[Site "Warsaw POL"]
[Date "2012.12.16"]
[Round "8.32"]
[White "Jussupow, Artur"]
[Black "Kulon, Klaudia"]
[Result "1-0"]
[WhiteTitle "GM"]
[BlackTitle "WF"]
[WhiteElo "2611"]
[BlackElo "2287"]
[WhiteFideId "4618777"]
[BlackFideId "1131044"]
[EventDate "2012.12.15"]

1. d4 d5 2. e3 c6 3. Bd3 e6 4. f4 Bd6 5. Nf3 f5 6. O-O Nf6 7. b3 Qe7 8. a4 O-O
9. Ba3 c5 10. c4 Nc6 11. Nc3 Nb4 12. Nb5 b6 13. Nxd6 Qxd6 14. Be2 Bb7 15. Ne5
Rfd8 16. Bf3 Ne4 17. Bxe4 dxe4 18. Bxb4 cxb4 19. g4 a5 20. Ra2 Bc6 21. Rg2 Be8
22. Kh1 Ra7 23. Rfg1 Kh8 24. Qe1 Qe7 25. Qg3 Rc8 26. gxf5 exf5 27. Qh3 Qf6 28.
Rg5 Bd7 29. Rxg7 Qxg7 30. Rxg7 Kxg7 31. Qg3+ Kf6 32. Qh4+ Ke6 33. Qh6+ Ke7 34.
d5 Rf8 35. d6+ Ke8 36. Qg7 1-0

[Event "Amplico ch-EUR Rapid"]
[Site "Warsaw POL"]
[Date "2012.12.16"]
[Round "8.33"]
[White "Vedrickas, Tautvydas"]
[Black "Swiercz, Dariusz"]
[Result "0-1"]
[WhiteTitle "FM"]
[BlackTitle "GM"]
[WhiteElo "2261"]
[BlackElo "2627"]
[WhiteFideId "12802654"]
[BlackFideId "1126881"]
[EventDate "2012.12.15"]

1. d4 Nf6 2. c4 e6 3. Nc3 Bb4 4. Qc2 O-O 5. Nf3 d6 6. e4 e5 7. Bg5 h6 8. Bh4
exd4 9. Nxd4 Nc6 10. Nxc6 bxc6 11. Bd3 Re8 12. O-O Bc5 13. Kh1 g5 14. Bg3 Nh5
15. Qe2 Nxg3+ 16. fxg3 Kg7 17. Qh5 Be6 18. Ne2 Rb8 19. b3 Qe7 20. Rf3 g4 21.
Rff1 Qg5 22. Nf4 Qxh5 23. Nxh5+ Kf8 24. Nf6 Red8 25. Be2 Bd4 26. Rad1 Bxf6 27.
Rxf6 Kg7 28. Rf4 h5 29. h3 gxh3 30. gxh3 Bxh3 31. Bxh5 Be6 32. Kg2 Rh8 33. Bg4
Bxg4 34. Rxg4+ Kf8 35. c5 Rh6 36. Rf4 Ke7 37. Rf5 Rb4 38. Rdf1 f6 39. Re1 Ke6
40. cxd6 cxd6 41. Ra5 Rd4 42. Re2 Rg6 43. Re3 Rg7 44. Kf3 c5 45. Rb5 Rd2 46. a4
Rh7 47. Rb8 Rhh2 48. Re8+ Kf7 49. Ra8 Kg6 50. Rg8+ Kf7 51. Ra8 Kg6 52. Rg8+ Kf7
53. Ra8 Rhf2+ 54. Kg4 Kg6 55. Rg8+ Kf7 56. Ra8 Rd4 57. Rxa7+ Kg6 58. Kh3 Rdd2
59. Kg4 d5 60. Ra6 Rd4 61. Rd6 dxe4 62. Rc6 Rc2 63. a5 Kf7 64. a6 Ra2 65. Kf5
Rf2+ 66. Kg4 Rd5 67. a7 Ra2 68. Rc7+ Kg6 69. Kf4 Rf2+ 70. Kxe4 Rd4# 0-1

[Event "Amplico ch-EUR Rapid"]
[Site "Warsaw POL"]
[Date "2012.12.16"]
[Round "8.34"]
[White "Banusz, Tamas"]
[Black "Castiglione, Mario"]
[Result "1-0"]
[WhiteTitle "GM"]
[WhiteElo "2580"]
[BlackElo "2282"]
[WhiteFideId "722413"]
[BlackFideId "14901641"]
[EventDate "2012.12.15"]

1. c4 e5 2. Nc3 Nf6 3. Nf3 Nc6 4. d4 exd4 5. Nxd4 Bb4 6. Bg5 Ne5 7. e3 h6 8. Bh4
Ng6 9. Bg3 Ne4 10. Rc1 Bxc3+ 11. bxc3 d6 12. Bd3 Nxg3 13. hxg3 Ne5 14. Be2 O-O
15. f4 Nc6 16. Bf3 Qe7 17. Kf2 Bd7 18. g4 Rae8 19. Qd3 Nxd4 20. cxd4 f5 21. Bd5+
Be6 22. Bxb7 fxg4 23. Be4 Rb8 24. Rb1 Rxb1 25. Rxb1 Qh4+ 26. Ke2 g3 27. Kd2 c5
28. Rb7 Qf6 29. d5 Bc8 30. Rb8 g5 31. Qe2 gxf4 32. Rxc8 Qb2+ 33. Bc2 fxe3+ 34.
Qxe3 Qb4+ 35. Kd3 Rxc8 36. Qe6+ Kg7 37. Qd7+ Kf6 38. Qxc8 Qe1 39. Qe6+ Kg5 40.
Qxe1 1-0

[Event "Amplico ch-EUR Rapid"]
[Site "Warsaw POL"]
[Date "2012.12.16"]
[Round "8.36"]
[White "Le Roux, Jean-Pierre"]
[Black "Boricsev, Oleg"]
[Result "1-0"]
[WhiteTitle "GM"]
[BlackTitle "IM"]
[WhiteElo "2569"]
[BlackElo "2337"]
[WhiteFideId "609404"]
[BlackFideId "720500"]
[EventDate "2012.12.15"]

1. c4 c5 2. Nf3 e6 3. g3 Nc6 4. Bg2 d5 5. cxd5 exd5 6. d4 Nf6 7. O-O Be7 8. Nc3
O-O 9. Bf4 Be6 10. dxc5 Bxc5 11. Rc1 Be7 12. Nb5 Qd7 13. Nbd4 Nxd4 14. Qxd4 Rfc8
15. Rxc8+ Rxc8 16. Qxa7 Qb5 17. Nd4 Qxb2 18. Nxe6 fxe6 19. Qe3 Rc6 20. a4 Bc5
21. Qd3 Qd4 22. Qb1 Qb4 23. Qxb4 Bxb4 24. Rb1 Rc4 25. e3 Ne4 26. Rb2 Rc1+ 27.
Bf1 Bc3 28. Rxb7 Nd2 29. Kg2 Rxf1 30. Rc7 Bf6 31. e4 Bd4 32. exd5 Rxf2+ 33. Kh3
exd5 34. Rd7 Nf1 35. Kg4 Nxh2+ 36. Kf5 Re2 37. Rxd5 Bf6 38. a5 Kf7 39. Rd7+ Be7
40. Be5 Nf3 41. Bd6 g6+ 42. Kf4 Nd4 43. Bxe7 Rxe7 44. Rxd4 Ra7 45. Rd5 Ke6 46.
Rb5 Rc7 47. Rb4 Ra7 48. Rb6+ Kd5 49. a6 Kc5 50. Rf6 Kb5 51. Kg5 Kc5 52. Kh6 Kd5
53. g4 Ke5 54. g5 Kd5 55. Rb6 Ke5 56. Rf6 Kd5 57. Rf8 Ke5 58. Rh8 Rxa6 59. Rxh7
Kf5 60. Rf7+ Ke5 61. Kg7 Ra1 62. Kxg6 Ke6 63. Rf2 Re1 64. Kg7 Ke7 65. g6 Re3 66.
Rh2 Re1 67. Kh7 1-0

[Event "Amplico ch-EUR Rapid"]
[Site "Warsaw POL"]
[Date "2012.12.16"]
[Round "8.38"]
[White "Maiorov, Nikita1"]
[Black "Valgmae, Toomas"]
[Result "1-0"]
[WhiteTitle "GM"]
[WhiteElo "2541"]
[BlackElo "2218"]
[WhiteFideId "13501720"]
[BlackFideId "4502523"]
[EventDate "2012.12.15"]

1. d4 d5 2. c4 c6 3. Nc3 Nf6 4. e3 a6 5. Qc2 Bg4 6. Qb3 b5 7. cxd5 Nxd5 8. h3
Be6 9. Qd1 g6 10. Nf3 Bg7 11. Be2 O-O 12. Ne4 Nd7 13. Neg5 c5 14. e4 Nc7 15. d5
Bxd5 16. exd5 Nf6 17. Qc2 Qxd5 18. h4 e5 19. Be3 h6 20. Nh3 Ne6 21. Qc1 Ng4 22.
O-O Nd4 23. Nxd4 Nxe3 24. Bf3 e4 25. Qxe3 exf3 26. Nxf3 Bxb2 27. Rad1 Qxa2 28.
Qxh6 Bg7 29. Qg5 Qe6 30. Qxc5 Rfc8 31. Qb4 Rc4 32. Qd2 Rac8 33. Nhg5 Qf5 34. Qa5
R4c6 35. Rd8+ Rxd8 36. Qxd8+ Bf8 37. Nd4 Rc8 38. Qa5 Qf6 39. Nb3 Rc4 40. Nf3 Qc3
41. Qxc3 Rxc3 42. Rb1 Bg7 43. Kf1 Kf8 44. Ke2 Rc2+ 45. Nfd2 Ke7 46. Kd1 Ra2 47.
Nc5 Kd6 48. Nd3 Kc7 49. Nb4 Ra4 50. Rc1+ Kb7 51. Nd5 Be5 52. Nb3 Ra2 53. Nc5+
Ka7 54. Nb4 Rxf2 55. Nc6+ Kb6 56. Nd7+ Kb7 57. Ncxe5 Rxg2 58. Nxf7 Rh2 59. Nd8+
Ka8 60. Rc8+ Ka7 61. Rc7+ Ka8 62. Nc6 1-0

[Event "Amplico ch-EUR Rapid"]
[Site "Warsaw POL"]
[Date "2012.12.16"]
[Round "8.39"]
[White "Olszewski, Michal"]
[Black "Gerasimenyk, M."]
[Result "1-0"]
[WhiteTitle "GM"]
[BlackTitle "FM"]
[WhiteElo "2533"]
[BlackElo "2225"]
[WhiteFideId "1121251"]
[BlackFideId "14111845"]
[EventDate "2012.12.15"]

1. d4 Nf6 2. c4 d6 3. Nf3 c6 4. Nc3 Nbd7 5. Bg5 h6 6. Bh4 Qa5 7. Qc2 Nb6 8. Bxf6
gxf6 9. e3 Rg8 10. Nd2 Qh5 11. g3 e5 12. Be2 Bg4 13. h3 Bxe2 14. Nxe2 d5 15. c5
Nd7 16. b4 Qg6 17. Qb3 a6 18. a4 h5 19. h4 Bh6 20. Qb1 Kf8 21. Qxg6 fxg6 22. Nb3
Kf7 23. Kf1 Nf8 24. Kg2 Ne6 25. Nc3 exd4 26. exd4 Ng7 27. Na5 Rab8 28. b5 Bd2
29. Ra3 axb5 30. axb5 Ra8 31. Rha1 Ne6 32. Nxb7 Bxc3 33. Rxa8 Bxa1 34. Nd6+ Kg7
35. Ra7+ Kh8 36. Nf7+ 1-0

[Event "Amplico ch-EUR Rapid"]
[Site "Warsaw POL"]
[Date "2012.12.16"]
[Round "8.40"]
[White "Stupak, Kirill"]
[Black "Sygulski, Pawel"]
[Result "1-0"]
[WhiteTitle "GM"]
[WhiteElo "2526"]
[BlackElo "2246"]
[WhiteFideId "13503758"]
[BlackFideId "1128175"]
[EventDate "2012.12.15"]

1. d4 d6 2. g3 e5 3. dxe5 dxe5 4. Qxd8+ Kxd8 5. f4 e4 6. Nc3 f5 7. g4 c6 8. Nh3
Kc7 9. gxf5 Bxf5 10. Ng5 Nf6 11. Bg2 Bb4 12. Bd2 Bxc3 13. Bxc3 Nbd7 14. e3 Rhe8
15. O-O-O Nd5 16. Bd2 N7f6 17. c4 Nb6 18. Ba5 c5 19. Nf7 Ng4 20. b4 Nxe3 21. Nd6
Nxg2 22. Nxe8+ Rxe8 23. bxc5 Kc6 24. cxb6 axb6 25. Bb4 g6 26. Rd6+ Kc7 27. Rd2
Ne3 28. c5 bxc5 29. Bxc5 Nc4 30. Rd4 b5 31. Bb4 Ra8 32. Kb1 Ra4 33. Bc3 Na3+ 34.
Kc1 Nc4 35. Kb1 Ra8 36. Bb4 Ra4 37. Bc3 Na3+ 38. Kc1 Nc4 39. Kb1 Na3+ 40. Kc1
Nc4 41. Kb1 1-0

[Event "Amplico ch-EUR Rapid"]
[Site "Warsaw POL"]
[Date "2012.12.16"]
[Round "8.41"]
[White "Bartel, Michal"]
[Black "Jurcik, Marian"]
[Result "0-1"]
[WhiteTitle "FM"]
[BlackTitle "IM"]
[WhiteElo "2273"]
[BlackElo "2496"]
[WhiteFideId "1119257"]
[BlackFideId "14907518"]
[EventDate "2012.12.15"]

1. e4 c5 2. Ne2 Nc6 3. d4 cxd4 4. Nxd4 g6 5. Nc3 Bg7 6. Nde2 d6 7. g3 Bg4 8. Bg2
Bxc3+ 9. bxc3 Qa5 10. O-O Nf6 11. f3 Be6 12. Bh6 Rg8 13. Be3 g5 14. Qe1 Bc4 15.
Rf2 Bxe2 16. Rxe2 Ne5 17. Bd4 O-O-O 18. Qf2 Kb8 19. Rb1 h5 20. f4 gxf4 21. gxf4
Nfg4 22. Qh4 Ng6 23. Qg3 e5 24. fxe5 dxe5 25. Kh1 Nf4 26. Rd2 h4 27. Qf3 h3 28.
Bf1 Ka8 29. Bc4 Qc7 30. Rg1 Qxc4 31. Rxg4 Rxg4 32. Qxg4 Qf1+ 33. Bg1 Qg2+ 34.
Rxg2 hxg2+ 35. Qxg2 Nxg2 36. Kxg2 Rd2+ 37. Kf3 Rxc2 38. h4 Rxc3+ 39. Kg4 0-1

[Event "Amplico ch-EUR Rapid"]
[Site "Warsaw POL"]
[Date "2012.12.16"]
[Round "8.42"]
[White "Kovalev, Vladislav"]
[Black "Sabuk, Piotr"]
[Result "1-0"]
[WhiteTitle "IM"]
[WhiteElo "2482"]
[BlackElo "2195"]
[WhiteFideId "13504398"]
[BlackFideId "1137565"]
[EventDate "2012.12.15"]

1. e4 e5 2. Nf3 Nc6 3. Bb5 a6 4. Ba4 Nf6 5. O-O Be7 6. Re1 b5 7. Bb3 d6 8. c3
O-O 9. d4 Bg4 10. Be3 exd4 11. cxd4 Na5 12. Bc2 Nc4 13. Bc1 c5 14. b3 Nb6 15.
Nbd2 Nfd7 16. h3 Bh5 17. Bb2 Re8 18. g4 Bg6 19. Nf1 Rc8 20. Ng3 Bf6 21. Rc1 cxd4
22. Bxd4 Bxd4 23. Nxd4 d5 24. Ndf5 Qc7 25. Bb1 Qxc1 26. Qxc1 Rxc1 27. Rxc1 dxe4
28. Bxe4 Bxf5 29. Bxf5 g6 30. Bxd7 Nxd7 31. Rc7 Ne5 32. Kg2 Nd3 33. h4 Re6 34.
g5 Kg7 35. Rd7 Nb4 36. Rd2 h6 37. f3 Re1 38. Ne4 1-0

[Event "Amplico ch-EUR Rapid"]
[Site "Warsaw POL"]
[Date "2012.12.16"]
[Round "8.43"]
[White "Bernotas, Arturs"]
[Black "Kanarek, Marcel"]
[Result "0-1"]
[BlackTitle "IM"]
[WhiteElo "2268"]
[BlackElo "2482"]
[WhiteFideId "11601426"]
[BlackFideId "1126822"]
[EventDate "2012.12.15"]

1. e4 c5 2. Nf3 Nc6 3. Bb5 e6 4. O-O Nge7 5. c3 a6 6. Be2 d5 7. exd5 Nxd5 8. d4
Qc7 9. g3 cxd4 10. Nxd4 Bd7 11. Bf3 Nxd4 12. Qxd4 Bc6 13. c4 Nb4 14. Bf4 Rd8 15.
Qc3 Qc8 16. Bxc6+ Qxc6 17. a3 Nd3 18. Bg5 f6 19. Be3 Ne5 20. Nd2 Rxd2 21. Bxd2
Nf3+ 0-1

[Event "Amplico ch-EUR Rapid"]
[Site "Warsaw POL"]
[Date "2012.12.16"]
[Round "8.44"]
[White "Demuth, Adrien"]
[Black "Baliasnyj, Timur"]
[Result "1-0"]
[WhiteTitle "IM"]
[WhiteElo "2480"]
[BlackElo "2276"]
[WhiteFideId "642274"]
[BlackFideId "12802719"]
[EventDate "2012.12.15"]

1. Nf3 Nf6 2. g3 d5 3. Bg2 c5 4. O-O Nc6 5. d4 e6 6. c4 Be7 7. cxd5 exd5 8. Nc3
O-O 9. dxc5 Bxc5 10. Na4 Be7 11. Be3 Ne4 12. Rc1 Qa5 13. a3 Bd7 14. Nc3 Be6 15.
Nd4 Nf6 16. Qb3 Qa6 17. Rfd1 Rfd8 18. Ncb5 Rac8 19. Nxe6 fxe6 20. Bf4 Na5 21.
Qa4 Rc4 22. b4 Rxc1 23. Rxc1 Nc4 24. Qxa6 bxa6 25. Nc7 Kf7 26. Rc3 a5 27. bxa5
Bxa3 28. Bh3 e5 29. Bxe5 Bb4 30. Bxf6 gxf6 31. Rd3 Bxa5 32. Nxd5 Nb2 33. Re3 Nc4
34. Be6+ Kg7 35. Bh3 Kf7 36. Rd3 Nb2 37. Re3 Nc4 1-0

[Event "Amplico ch-EUR Rapid"]
[Site "Warsaw POL"]
[Date "2012.12.16"]
[Round "8.45"]
[White "Kuzmicz, Krystian"]
[Black "Zaksaite, Salomeja"]
[Result "1/2-1/2"]
[WhiteTitle "IM"]
[BlackTitle "WIM"]
[WhiteElo "2465"]
[BlackElo "2162"]
[WhiteFideId "1119125"]
[BlackFideId "12801496"]
[EventDate "2012.12.15"]

1. g3 e5 2. Bg2 d5 3. c4 c6 4. cxd5 cxd5 5. d4 e4 6. Nc3 Nc6 7. Nh3 Bxh3 8. Bxh3
Bb4 9. O-O Nge7 10. Qb3 O-O 11. Bg5 f6 12. Be3 f5 13. Rfc1 Rc8 14. Bg5 Qd6 15.
Bxe7 Nxe7 16. Nb5 Rxc1+ 17. Rxc1 Qh6 18. Rc7 Qxh3 19. Qxb4 Nc6 20. Qd6 f4 21.
Qxd5+ Kh8 22. Qg5 g6 23. Qc5 Rf5 24. Rc8+ Kg7 25. Rc7+ Kh8 26. Rc8+ Kg7 27. Rc7+
Kh8 28. Rc8+ Kg7 29. Rc7+ Kh6 30. Qc1 e3 31. fxe3 Rh5 1/2-1/2

[Event "Amplico ch-EUR Rapid"]
[Site "Warsaw POL"]
[Date "2012.12.16"]
[Round "9.4"]
[White "Tkachiev, Vladislav"]
[Black "Rapport, Richard"]
[Result "0-1"]
[WhiteTitle "GM"]
[BlackTitle "GM"]
[WhiteElo "2650"]
[BlackElo "2621"]
[WhiteFideId "618438"]
[BlackFideId "738590"]
[EventDate "2012.12.15"]

1. c4 c5 2. Nc3 g6 3. e3 Bg7 4. d4 Nf6 5. d5 O-O 6. Nf3 e6 7. h3 d6 8. Bd3 exd5
9. cxd5 a6 10. a4 Re8 11. O-O Nbd7 12. e4 Nh5 13. Bg5 Bf6 14. Be3 Ne5 15. Be2
Nxf3+ 16. Bxf3 Ng7 17. Qd2 Bd7 18. Bf4 Qe7 19. Rfe1 Be5 20. a5 Rab8 21. Be2 Bxf4
22. Qxf4 g5 23. Qd2 Qe5 24. Bd1 b5 25. axb6 Rxb6 26. Ba4 Bxa4 27. Nxa4 Rb4 28.
Nc3 Reb8 29. Reb1 R8b6 30. Qe2 Ne8 31. Rxa6 Rxa6 32. Qxa6 Nf6 33. Qe2 h5 34. Re1
Kg7 35. Qd2 Nd7 36. Nd1 Nf6 37. f3 g4 38. h4 Kg6 39. Re2 Rd4 40. Qe1 Qf4 41. Nc3
g3 42. Rc2 Rc4 43. b3 Rxc3 44. Rxc3 Qxh4 45. Qe3 Qh2+ 46. Kf1 h4 47. Qg1 h3 48.
e5 Nxd5 49. exd6 Nxc3 50. d7 Ne2 51. Qxh2 gxh2 52. Kxe2 h1=Q 53. d8=Q Qxg2+ 54.
Kd3 Qxf3+ 55. Kc4 Qf4+ 56. Kb5 h2 57. Qg8+ Kf6 58. Qh8+ Kf5 59. Qh3+ Kg5 60.
Qg2+ Kf6 61. Qc6+ Kg5 62. Qg2+ Kh4 63. Qa8 Qb4+ 0-1

[Event "Amplico ch-EUR Rapid"]
[Site "Warsaw POL"]
[Date "2012.12.16"]
[Round "9.7"]
[White "Yakovich, Yuri"]
[Black "Shirov, Alexei"]
[Result "0-1"]
[WhiteTitle "GM"]
[BlackTitle "GM"]
[WhiteElo "2517"]
[BlackElo "2708"]
[WhiteFideId "4100654"]
[BlackFideId "2209390"]
[EventDate "2012.12.15"]

1. c4 e5 2. Nc3 Nc6 3. Nf3 Nf6 4. g3 Nd4 5. Bg2 Nxf3+ 6. Bxf3 Bb4 7. Qb3 Ba5 8.
Qb5 Bxc3 9. bxc3 Qe7 10. a4 O-O 11. Ba3 d6 12. c5 Bh3 13. cxd6 cxd6 14. Qxb7 Qe6
15. Bg2 Rab8 16. Bxh3 Qxh3 17. Qf3 e4 18. Qf4 Rb3 19. Bxd6 Rd8 20. g4 Qg2 21.
Rf1 e3 22. fxe3 Qd5 23. Be7 Ne4 24. Qxf7+ Qxf7 25. Rxf7 Rdb8 26. Rf8+ Rxf8 27.
Bxf8 Kxf8 28. c4 Rb2 29. Rd1 Ra2 30. d3 Nc3 31. Rd2 Ra1+ 32. Kf2 Nxa4 33. e4 a5
34. d4 Nc3 35. Ke3 a4 36. Kd3 Nd1 37. Kc2 Nc3 38. Kd3 Rc1 39. Ke3 Ra1 40. Rc2 0-1

[Event "Amplico ch-EUR Rapid"]
[Site "Warsaw POL"]
[Date "2012.12.16"]
[Round "9.9"]
[White "Ragger, Markus"]
[Black "Popov, Valerij"]
[Result "1/2-1/2"]
[WhiteTitle "GM"]
[BlackTitle "GM"]
[WhiteElo "2655"]
[BlackElo "2557"]
[WhiteFideId "1610856"]
[BlackFideId "4119410"]
[EventDate "2012.12.15"]

1. d4 d5 2. c4 c6 3. e3 Nf6 4. Nc3 a6 5. Nf3 Bf5 6. Qb3 Ra7 7. Be2 h6 8. O-O e6
9. Bd2 Nbd7 10. Rfc1 Bd6 11. a4 O-O 12. a5 Qe7 13. Be1 Ne4 14. Na4 Bg4 15. Qd1
f5 16. b4 Bxf3 17. Bxf3 Raa8 18. Nc5 Ndf6 19. g3 g5 20. Bg2 g4 21. Rab1 h5 22.
Nxe4 fxe4 23. b5 cxb5 24. cxb5 Nh7 25. Qb3 Rf7 26. Bb4 Ng5 27. Bxd6 Qxd6 28. Rb2
axb5 29. Qxb5 Qa3 30. Rc5 Kg7 31. Qb4 Qa1+ 32. Rb1 Qa2 33. Rb2 Qa1+ 34. Rb1 Qa2 1/2-1/2

[Event "Amplico ch-EUR Rapid"]
[Site "Warsaw POL"]
[Date "2012.12.16"]
[Round "9.10"]
[White "Bryzgalin, Kirill"]
[Black "Istratescu, Andrei"]
[Result "1/2-1/2"]
[WhiteTitle "GM"]
[BlackTitle "GM"]
[WhiteElo "2485"]
[BlackElo "2654"]
[WhiteFideId "4133285"]
[BlackFideId "1200372"]
[EventDate "2012.12.15"]

1. d4 e6 2. e4 d5 3. Nd2 c5 4. exd5 Qxd5 5. Ngf3 cxd4 6. Bc4 Qd6 7. O-O Nf6 8.
Nb3 Nc6 9. Nbxd4 Nxd4 10. Qxd4 Qxd4 11. Nxd4 Bd7 12. Be2 Bc5 13. Nb3 Bb6 14. Bf3
Rc8 15. c3 Bc6 16. Bxc6+ Rxc6 17. Bf4 Ke7 18. Rfd1 Ne4 19. Nd4 Rc4 20. Be3 Rd8
21. f3 Nd6 22. Nc2 Rc6 23. Bxb6 Rxb6 24. b3 Nb5 25. Rxd8 Kxd8 26. c4 Nc3 27. Kf2
Rd6 28. Ke3 e5 29. g4 Ke7 30. Nb4 f6 31. Rc1 a5 32. c5 Rd4 33. Rxc3 Rxb4 34. a3
Rb5 35. Kd3 Kd7 36. Kc4 Kc6 37. b4 b6 38. cxb6 axb4 39. axb4 Rxb6 40. Ra3 Kb7
41. Rd3 Rc6+ 42. Kb5 Rb6+ 43. Kc5 Rc6+ 44. Kb5 Rb6+ 1/2-1/2

[Event "Amplico ch-EUR Rapid"]
[Site "Warsaw POL"]
[Date "2012.12.16"]
[Round "9.11"]
[White "Petrosian, Tigran L."]
[Black "Gritsak, Orest"]
[Result "0-1"]
[WhiteTitle "GM"]
[BlackTitle "GM"]
[WhiteElo "2648"]
[BlackElo "2549"]
[WhiteFideId "13301616"]
[BlackFideId "14102188"]
[EventDate "2012.12.15"]

1. Nf3 b6 2. g3 Bb7 3. Bg2 g6 4. O-O Bg7 5. d3 d5 6. e4 dxe4 7. Ng5 Nf6 8. Nc3
Nc6 9. Ngxe4 O-O 10. Re1 Nxe4 11. Nxe4 Qd7 12. h4 Rad8 13. h5 Nd4 14. hxg6 hxg6
15. Nc5 bxc5 16. Bxb7 Qa4 17. Bg5 Rb8 18. Bd5 e6 19. Bb3 Qc6 20. Re3 f6 21. Bh4
g5 22. Bc4 Rbe8 23. Qg4 gxh4 24. c3 f5 25. Qh5 Nc2 26. Rxe6 Rxe6 27. Rc1 Rf7 28.
Bxe6 Qxe6 29. Rxc2 hxg3 30. Re2 gxf2+ 31. Kxf2 Qd7 32. Qf3 c6 33. Qe3 Bf8 34.
Kf1 Qd5 35. Ke1 f4 36. Qh3 f3 37. Re4 f2+ 38. Kf1 Qf5 39. Qxf5 Rxf5 40. Re6 Kf7
41. Rxc6 Be7 42. Rh6 Bg5 43. Rh7+ Ke6 44. Rxa7 Be3 45. Ra8 Kd7 46. Ra7+ Ke6 47.
Ra8 Ke5 48. Re8+ Kf4 49. Ke2 Re5 50. Rxe5 Kxe5 51. a4 Kd6 52. b3 Kc6 53. Kf1 Bd2
54. b4 Bxc3 55. b5+ Kb6 56. Kxf2 Ka5 57. Ke3 Kxa4 58. b6 Ba5 59. b7 Bc7 60. Ke4
Kb5 61. Kd5 Bb8 62. Ke4 Kc6 63. d4 c4 64. d5+ Kc5 65. Ke3 Kxd5 66. Kd2 Be5 67.
Kc2 Kc6 0-1

[Event "Amplico ch-EUR Rapid"]
[Site "Warsaw POL"]
[Date "2012.12.16"]
[Round "9.12"]
[White "Bulski, Krzysztof"]
[Black "Gajewski, Grzegorz"]
[Result "0-1"]
[WhiteTitle "GM"]
[BlackTitle "GM"]
[WhiteElo "2549"]
[BlackElo "2644"]
[WhiteFideId "1121499"]
[BlackFideId "1116207"]
[EventDate "2012.12.15"]

1. d4 Nf6 2. c4 e6 3. g3 d5 4. Bg2 Bb4+ 5. Nd2 O-O 6. a3 Bxd2+ 7. Bxd2 dxc4 8.
Nf3 Nc6 9. Bf4 Rb8 10. Rc1 b5 11. b3 Na5 12. bxc4 Nxc4 13. Ne5 Bb7 14. Bxb7 Rxb7
15. Nxc4 bxc4 16. O-O Nd5 17. Rxc4 Nxf4 18. gxf4 Qd6 19. Qc1 Rfb8 20. e3 e5 21.
Rc6 Qd7 22. d5 exf4 23. Qd1 fxe3 24. fxe3 Rb1 25. Qf3 Rxf1+ 26. Kxf1 Rb1+ 27.
Kg2 Rb2+ 28. Kg3 h6 29. h4 Rd2 30. e4 Qe7 31. Qc3 Re2 32. e5 Re4 0-1

[Event "Amplico ch-EUR Rapid"]
[Site "Warsaw POL"]
[Date "2012.12.16"]
[Round "9.15"]
[White "Leniart, Arkadiusz"]
[Black "Romanov, Evgeny"]
[Result "1-0"]
[WhiteTitle "IM"]
[BlackTitle "GM"]
[WhiteElo "2470"]
[BlackElo "2616"]
[WhiteFideId "1124226"]
[BlackFideId "4148843"]
[EventDate "2012.12.15"]

1. e4 e5 2. Nf3 Nc6 3. Bc4 Bc5 4. c3 Nf6 5. d4 exd4 6. e5 d5 7. Bb5 Ne4 8. cxd4
Bb6 9. Be3 O-O 10. Nc3 Bg4 11. O-O f5 12. exf6 Rxf6 13. Be2 Rg6 14. Kh1 Bf5 15.
Qb3 Nxc3 16. bxc3 Be4 17. Rg1 Na5 18. Qb4 c5 19. Qa4 cxd4 20. cxd4 Nc6 21. Nd2
Bf5 22. Bh5 Re6 23. Bf3 Qd6 24. Qb3 Rd8 25. Qc3 Qb4 26. Qxb4 Nxb4 27. Bg5 Rd7
28. Nb3 h6 29. Bf4 g5 30. g4 Be4 31. Bxe4 Rxe4 32. Be5 Re2 33. f4 Nd3 34. Rg2
Rxg2 35. Kxg2 gxf4 36. Rd1 Nxe5 37. dxe5 Kf7 38. Kf3 Ke6 39. Kxf4 Rf7+ 40. Kg3
Kxe5 41. Re1+ Kd6 42. Re8 d4 43. Rh8 Rf6 44. h4 d3 45. g5 hxg5 46. hxg5 Rf1 47.
Kg4 Rf2 48. Rh3 Rxa2 49. Rxd3+ Ke6 50. Kh5 a5 51. g6 Rh2+ 52. Kg5 Rg2+ 53. Kh6
a4 54. Nd4+ Ke5 55. Nf3+ Kf4 56. g7 Bc5 57. Nh4 Rxg7 1-0

[Event "Amplico ch-EUR Rapid"]
[Site "Warsaw POL"]
[Date "2012.12.16"]
[Round "9.16"]
[White "Tomczak, Jacek"]
[Black "Berzinsh, Roland"]
[Result "1-0"]
[WhiteTitle "GM"]
[BlackTitle "IM"]
[WhiteElo "2558"]
[BlackElo "2411"]
[WhiteFideId "1124668"]
[BlackFideId "11600357"]
[EventDate "2012.12.15"]

1. e4 e5 2. Nf3 d6 3. d4 exd4 4. Nxd4 Nf6 5. Nc3 Be7 6. g3 Bg4 7. Qd3 O-O 8. h3
Bd7 9. Bg2 Nc6 10. Be3 Re8 11. O-O-O Ne5 12. Qe2 c5 13. Nf5 Bxf5 14. exf5 Qa5
15. Qb5 Qd8 16. f4 a6 17. Qe2 Nc6 18. g4 Bf8 19. Qf2 Nd7 20. g5 Rb8 21. Rhe1 Qa5
22. Qh4 Nd4 23. g6 Nf6 24. Nd5 fxg6 25. Nxf6+ gxf6 26. fxg6 hxg6 27. Qxf6 Qxa2
28. Qxg6+ Bg7 29. Bxd4 1-0

[Event "Amplico ch-EUR Rapid"]
[Site "Warsaw POL"]
[Date "2012.12.16"]
[Round "9.17"]
[White "Stocek, Jiri"]
[Black "Mikrut, Dariusz"]
[Result "1/2-1/2"]
[WhiteTitle "GM"]
[BlackTitle "IM"]
[WhiteElo "2557"]
[BlackElo "2351"]
[WhiteFideId "304760"]
[BlackFideId "1112791"]
[EventDate "2012.12.15"]

1. d4 Nf6 2. c4 g6 3. Nc3 Bg7 4. e4 d6 5. Bd3 O-O 6. Nge2 Na6 7. O-O e5 8. f3
exd4 9. Nxd4 c6 10. Be3 Re8 11. Bf2 Nh5 12. Qd2 Nc5 13. Nde2 Nxd3 14. Qxd3 Be6
15. Rad1 Qg5 16. Be3 Qh4 17. Bf2 Qg5 18. Be3 Qh4 19. b3 Red8 20. Qd2 Qe7 21. Bd4
a6 22. Bxg7 Nxg7 23. Nd4 Bd7 24. a4 a5 25. f4 f5 26. Rfe1 Qf7 27. Nf3 Be6 28. e5
d5 29. Ng5 Qf8 30. Nxe6 Nxe6 31. cxd5 cxd5 32. Qf2 d4 33. Nb5 Qb4 34. g3 Rac8 1/2-1/2

[Event "Amplico ch-EUR Rapid"]
[Site "Warsaw POL"]
[Date "2012.12.16"]
[Round "9.18"]
[White "Dragun, Kamil"]
[Black "Fridman, Daniel"]
[Result "0-1"]
[WhiteTitle "IM"]
[BlackTitle "GM"]
[WhiteElo "2461"]
[BlackElo "2667"]
[WhiteFideId "1134167"]
[BlackFideId "11600454"]
[EventDate "2012.12.15"]

1. e4 c6 2. d4 d5 3. e5 c5 4. dxc5 Nc6 5. Nf3 Bg4 6. Bb5 Qa5+ 7. Nc3 e6 8. Be3
Ne7 9. h3 Bxf3 10. Qxf3 a6 11. Ba4 Nf5 12. O-O Rd8 13. a3 Qc7 14. b4 Qxe5 15.
Bf4 Qf6 16. Rfe1 Be7 17. Be5 Qg5 18. Qd3 Ra8 19. Nxd5 exd5 20. Qxd5 O-O 21. Bxc6
bxc6 22. Qxc6 Nh4 23. Bg3 Bf6 24. Rad1 Nf5 25. Be5 Bxe5 26. Rxe5 h5 27. Qe4 g6
28. c6 Rad8 29. Re1 Qf6 30. Qc4 Rc8 31. Rc5 Nd4 32. Qxa6 Rfe8 33. Rd1 Rcd8 34.
Rf1 Rd6 35. Qc4 Nxc6 36. b5 Nd4 37. a4 Ne2+ 38. Kh2 Rd4 39. Rc6 Qf4+ 40. g3 Nxg3
41. Rxg6+ Kh7 42. Qxd4 Nxf1+ 0-1